000 00839nam a2200241 i 4500
001 61474
003 ES-MaACL
005 20230906164450.0
007 t|
008 031112s1967 sp ||||1| spa d
100 1 _aEvoy, John J.
_948401
245 1 0 _aMadurez en la vida religiosa /
_cJohn J. Evoy, Van F. Christoph ; con un prólogo del Cardenal Suenens ; [traducción por Ricardo Viejo y Luis Chacón].
260 _aMadrid :
_bRazón y Fé,
_c1967.
300 _a355 p. ;
_c21 cm.
490 1 _aPsicología, medicina, pastoral ;
_v64
700 1 _aChristoph, Van F.
_938668
700 1 _aSuenens, Léon Joseph.
_9108729
700 1 _aViejo, Ricardo.
_9114575
700 1 _aChacón, Luis.
_937760
830 0 _aPsicología, medicina, pastoral ;
_v64
_9180800
852 _aES-MaACL
_jC-50533
_bR.65276
999 _c61474
_d61474